Para entender mejor el mundo : curso de introducción a la Filosofía realista /

Guardat en:
Dades bibliogràfiques
Autor principal: Moreno Iturralde, José Ignacio (autor)
Format: Llibre
Idioma:espanyol
Publicat: Madrid, España : Rialp, 2007, c2007
Matèries:
Etiquetes: Afegir etiqueta
Sense etiquetes, Sigues el primer a etiquetar aquest registre!

MARC

LEADER 00000nam^a2200000^a^4500
001 000420797
005 20250521000000.0
009 20260310122519.62
020 |a 978-84-321-3628-3 
037 |a Acervo ITESO - Biblioteca 
041 |a ESP 
082 |a 101.  |b MOR 
100 |a Moreno Iturralde, José Ignacio  |e (autor) 
245 1 0 |a Para entender mejor el mundo :  |b curso de introducción a la Filosofía realista /  |c J.I. Moreno Iturralde. 
264 4 |a Madrid, España :  |b Rialp,  |c 2007, c2007 
300 |a 185 p. 
336 |a texto  |b txt  |2 rdacontenido 
337 |a sin mediación  |b n  |2 rdamedio 
338 |a volumen  |b nc  |2 rdasoporte 
521 |a FIL 2019 DIA 
649 |a XX 
650 |a Familia 
650 |a Sociedad 
650 |a Positivismo 
650 |a Fenomenología 
650 |a Existencialismo 
650 |a Derechos Humanos -  |x Teoría 
650 |a Cosmología 
650 |a Antropología 
650 |a Epistemología 
650 |a Etica 
650 |a Filosofía -  |x Generalidades -  |x Tema Principal 
910 |a Fondo General 
920 |a Impresos - Libros 
930 |a Colección General 
905 |a 101 
901 |a 0500339217  |b IT1  |c ACC  |i C170008  |u 20250521 
902 |a https://opac.biblio.iteso.mx/vufind/Record/000420797